00436nam a2200181Ia 450000500170000000800410001702000150005808200130007310000130008624500220009926000390012130000160016065000160017665000210019265000150021365000140022865000120024220250110011842.0240331s9999 xx 000 0 und d a0415000580 bGEAa943 aGeary, D 0aHitler and Nazism aLondon & New YorkbRoutledgec1993 axi, 82 p ., aNationalism aGermany Politics aGovernment aSocialism aHistory